Celebrating Christmas with Jesus: an advent devotional / (Record no. 42803)
| 000 -LEADER | |
|---|---|
| fixed length control field | 00416nam a22001337a 4500 |
| 008 - FIXED-LENGTH DATA ELEMENTS--GENERAL INFORMATION | |
| fixed length control field | 211018b |||||||| |||| 00| 0 eng d |
| 020 ## - INTERNATIONAL STANDARD BOOK NUMBER | |
| International Standard Book Number | 9780842318631 |
| 100 ## - MAIN ENTRY--PERSONAL NAME | |
| Personal name | Lucado, Max |
| 245 ## - TITLE STATEMENT | |
| Title | Celebrating Christmas with Jesus: an advent devotional / |
| Statement of responsibility, etc | Max Lucado |
| 260 ## - PUBLICATION, DISTRIBUTION, ETC. (IMPRINT) | |
| Place of publication, distribution, etc | [Nashville, TN] |
| Name of publisher, distributor, etc | J. Countryman |
| Date of publication, distribution, etc | 2011 |
| 300 ## - PHYSICAL DESCRIPTION | |
| Extent | 80 p. |
| Dimensions | 18 cm. |
| 650 ## - SUBJECT ADDED ENTRY--TOPICAL TERM | |
| Topical term or geographic name as entry element | Advent |
| Form subdivision | Prayers and devotion |
| 9 (RLIN) | 80181 |
| 942 ## - ADDED ENTRY ELEMENTS (KOHA) | |
| Source of classification or shelving scheme | |
| Item type | NON FIC SECTION |
| Withdrawn status | Lost status | Source of classification or shelving scheme | Damaged status | Not for loan | Collection code | Home library | Current library | Date acquired | Total Checkouts | Full call number | Barcode | Date last seen | Date last borrowed | Price effective from | Koha item type |
|---|---|---|---|---|---|---|---|---|---|---|---|---|---|---|---|
| Non-Fiction | Asian Hope Secondary Library | Asian Hope Secondary Library | 10/18/2021 | 1 | 242.33 LUC | 199916 | 01/16/2026 | 08/12/2024 | 10/18/2021 | NON FIC SECTION |